Words with a Silent C - Statistics

General Stats
  • This quiz has been taken 11,640 times
  • The average score is 10 of 20
Answer Stats
Definition Word % Correct
Shape of a quarter moon Crescent
91%
To move upward Ascend
73%
Emperor of Russia (alt. spelling) Czar
72%
Grass-cutting tool carried by Grim Reaper Scythe
70%
Subdivision of a play or movie Scene
68%
Student or follower, such as Jesus had Disciple
66%
The sense of smell Scent
62%
Recreational boat Yacht
61%
Like a triangle with two sides of equal length Isosceles
52%
All-knowing Omniscient
51%
Very common cutting tool Scissors
51%
Monarch's ornamental staff Sceptre
50%
Ukrainian beet soup Borscht
47%
To find not guilty Acquit
45%
One's sense of right and wrong Conscience
43%
Awake; Aware of one's surroundings Conscious
41%
Phonetic sound represented by ə Schwa
20%
To charge with a crime Indict
17%
Offensive to current stands of morality Obscene
15%
One's offspring; Heir Scion
14%
No matching quizzes found
Score Distribution
Percent of People with Each Score
Percentile by Number Answered
Your Score History
You have not taken this quiz